Statistics for marvel superhereos alter ego

Click here to take the quiz!

General Stats

  • This quiz has been taken 21 times
  • The average score is 23 of 27

Answer Stats

HintAnswer% Correct
T'Challablack panther
100%
Natasha Romanoffblack widow
100%
Tony StarkIron Man
100%
Thor Odinsonthor
100%
Scott Langantman
95%
Steve RogersCaptain America
95%
Bruce Bannerhulk
95%
Peter Parkerspiderman
95%
Stephen Strangedoctor strange
90%
Bucky Barneswinter soldier
90%
Wade Wilsondeadpool
85%
Sam Wilsonfalcon
85%
Clint Bartonhawkeye
85%
Reed Richardsmr fantastic
85%
Pietro Maximoffquicksilver
85%
Wanda Maximoffscarlet witch
85%
Norrin Raddsilver surfer
85%
Logan Howlettwolverine
85%
Charles Xavierprofessor x
80%
Scott Summerscyclops
75%
Susan Storminvisible woman
75%
Jean Greyphoenix
75%
Ben Grimmthing
75%
Johnathan Stormhuman torch
70%
Ororo Munroestorm
65%
Henry McCoybeast
60%
Piotr Rasputincolossus
50%

Score Distribution

Percentile by Number Answered

Percent of People with Each Score

Your Score History

You have not taken this quiz